Korea in it's creations
Gardado en:
| Autor Principal: | |
|---|---|
| Formato: | Libro |
| Idioma: | inglés |
| Publicado: |
Seúl
Design House Publishers
1994
|
| Subjects: | |
| Tags: |
Engadir etiqueta
Sen Etiquetas, Sexa o primeiro en etiquetar este rexistro!
|
MARC
| LEADER | 00000nam a2200000 a 4500 | ||
|---|---|---|---|
| 001 | UCP1946 | ||
| 003 | CL-VaPUC | ||
| 008 | 990430e19940000KO |||||||||||||||||eng|d | ||
| 082 | 0 | 4 | |a 709.951.9 |b YOU |2 21 |
| 100 | 0 | |a Young, Lee O |e author |9 428308 | |
| 245 | 1 | 0 | |a Korea in it's creations |
| 300 | |a 151 p | ||
| 942 | |c BK | ||
| 945 | |d 19990430 00:00:00 |a rbrito | ||
| 260 | |a Seúl |b Design House Publishers |c 1994 | ||
| 650 | 0 | |a Arte coreano |9 407343 | |
| 650 | 0 | |a Cultura |9 269059 | |
| 650 | 0 | |a Vida y costumbres |9 611784 | |
| 650 | 7 | |a MEDICINA ORIENTAL |2 CL-VaPUC |9 428309 | |
| 651 | 7 | |a COREA |2 CL-VaPUC |9 317315 | |
| 583 | |a last modification |c 19990430 00:00:00 |k Rodrigo Vera | ||
| 999 | |c 280572 |d 280570 | ||
| 952 | |0 0 |1 0 |4 0 |6 709_951000000000000_9_YOU_1994 |7 0 |8 A |9 320922 |a BIBGIM |b BIBGIM |d 2019-11-20 |i 3520544 |o 709.951.9 YOU 1994 |p 3520544 |r 2025-01-15 |w 2019-11-20 |y BK |k ORI | ||